Football Career Path - Statistics

General Stats
  • This quiz has been taken 65 times
  • The average score is 10 of 15
Answer Stats
Position Nationality Career Footballer % Correct
Attacking midfielder Argentina 1976–1981 Argentinos Juniors 1981–1982 Boca Juniors 1982–1984 Barcelona 1984–1991 Napoli 1992–1993 Sevilla 1993–1994 Newell's Old Boys 1995–1997 Boca Juniors Diego Maradona
96%
Central-midfielder Netherlands 2015 Willem II
2015–2017 Jong Ajax
2015 → Willem II (loan)
2016–2019 Ajax
2019– Barcelona
Frenkie de Jong
94%
Central midfielder Croatia 2010–2013 Dinamo Zagreb
2013–2015 Inter Milan
2015–2019 Real Madrid
2018–2019 → Chelsea (loan)
2019–2023 Chelsea
2023– Manchester City
Mateo Kovačić
90%
Midfielder England 1998–2015 Liverpool2015–2016 LA Galaxy Steven Gerrard
90%
Goalkeeper England 2003–2006 Shrewsbury Town 2007 → Tranmere Rovers (loan) 2007 → Blackpool (loan) 2009–2010 → Birmingham City (loan) 2016–2017 → Torino (loan) 2017–2018 → West Ham United (loan) 2018–2020 Burnley 2020–2021 Tottenham Hotspur 2021–2024 Celtic Joe Hart
83%
Midfielder Ghana 2000–2003 Bastia
2003–2005 Lyon
2005–2014 Chelsea
2012–2013 → Real Madrid (loan)
2014–2015 AC Milan
2015–2016 Panathinaikos
2017–2018 Persib Bandung
2019–2020 Sabail
Michael Essien
81%
Striker Bosnia and Herzegovina 003–2005 Željezničar 2005–2007 Teplice 2005–2006 → Ústí nad Labem (loan) 2007–2011 VfL Wolfsburg 2011–2016 Manchester City 2015–2016 → Roma (loan)
2016–2021 Roma )
2021–2023 Inter Milan 2023– Fenerbahçe
Edin Džeko
71%
Centre-back, left-back Croatia 2019–2020 Dinamo Zagreb II 2019–2020 Dinamo Zagreb 2020–2023 RB Leipzig 2020–2021 → Dinamo Zagreb (loan) 2023– Manchester City Joško Gvardiol
69%
Midfielder Turkey 2005–2011 Galatasaray 2006 → Manisaspor (loan) 2011–2015 Atlético Madrid 2015–2020 Barcelona 2018–2020 → Istanbul Başakşehir (loan) 2020–2022 Galatasaray Arda Turan
62%
Defensive midfielder Serbia 2006–2007 Kolubara2007–2009 Košice 2009–2011 Chelsea 2010–2011 → Vitesse (loan) 2011–2014 Benfica 2014–2017 Chelsea 2017–2022 Manchester United 2022–2023 Roma 2023–2024 Rennes 2024– Lyon Nemanja Matić
62%
Midfielde Spain 2008–2009 Zaragoza B2009–2011 Zaragoza 2011–2014 Athletic Bilbao 2014–2019 Manchester United 2019–2022 Paris Saint-Germain 2022–2025 Athletic Bilbao 2025– Boca Juniors Ander Herrera
58%
Goalkeeper Spain 2014–2016 Basconia2016–2018 Athletic Bilbao B 2018– Athletic Bilbao Unai Simón
48%
Striker Brazil 2006–2007 Internacional 2007–2013 AC Milan 2013–2016 Corinthians 2014–2015 → São Paulo (loan) 2016 → Chelsea (loan) 2016–2017 Villarreal 2017–2019 Tianjin Tianhai 2019–2020 São Paulo 2021–2022 Orlando City 2023 São Paulo Alexandre Pato
42%
Left-back, winger Portugal 2005–2007 Rio Ave 2007–2011 Benfica 2008 → Nacional (loan) 2008 → Zaragoza (loan) 2009 → Rio Ave (loan) 2011–2018 Real Madrid 2015–2016 → Monaco (loan) 2017–2018 → Sporting CP (loan) 2018–2019 Rio Ave 2020–2021 Rio Ave Fábio Coentrão
38%
Centre-back France 1999–2004 Auxerre 2004–2011 Roma 2011–2016 AC Milan Philippe Mexès
25%
No matching quizzes found
Score Distribution
Percent of People with Each Score
Percentile by Number Answered
Your Score History
You have not taken this quiz